|
|
|
|
| LEADER |
00818nam a22002051 4500 |
| 001 |
c000196160 |
| 003 |
CARM |
| 005 |
20021125001700.0 |
| 008 |
851003s1971 enk 0 eng d |
| 019 |
1 |
|
|a 3975137
|5 LACONCORD2021
|
| 035 |
|
|
|a (OCoLC)216973916
|5 LACONCORD2021
|
| 100 |
1 |
|
|a Howard, Edgar.
|
| 245 |
1 |
0 |
|a Theme 4, harnessing energy /
|c by E.Howard and other contributors.
|
| 260 |
|
|
|a Lond. :
|b Pub. for the Nuffield Foundation by Longman,
|c 1971.
|
| 440 |
|
0 |
|a Nuffield secondary science
|
| 650 |
|
0 |
|a Force and energy
|x Study and Teaching
|x Secondary Level.
|
| 852 |
8 |
|
|b CARM
|h A2:AE21H0
|i F00798
|p 0296206
|f BK
|
| 082 |
0 |
4 |
|a 375.5
|
| 999 |
f |
f |
|i 75970021-81c3-5902-a5db-a547682670af
|s 8efaf33b-a5cf-53d4-b34f-b4660dfcdead
|
| 952 |
f |
f |
|p Can circulate
|a CAVAL
|b CAVAL
|c CAVAL
|d CARM 1 Store
|e F00798
|f A2:AE21H0
|h Other scheme
|i book
|m 0296206
|